| 000 | 00000nas 2200000za 4500 |
| 001 | 9.506485 |
| 003 | CaOODSP |
| 005 | 20221107133631 |
| 007 | cr ||||||||||| |
| 008 | 150406d19971999oncmr p o f0 a0eng|d |
| 022 | |a1493-5724 |
| 040 | |aCaOODSP|beng |
| 043 | |an-cnm--|an-cn-nf|an-cn-qu |
| 086 | 1 |aT34-14-1E-PDF |
| 222 | 0|aEastern edition of notices to mariners |b(Online) |
| 245 | 00|aEastern edition of notices to mariners |h[electronic resource] / |cCanadian Coast Guard. |
| 260 | |a[Ottawa] : |bFisheries and Oceans Canada = Pêches et Océans Canada, |c[1997-1999] |
| 310 | |aMonthly |
| 362 | 0 |aVol. 22, monthly ed. no. 6 (June 27, 1997)-v. 24, monthly ed. no. 12 (Dec. 31, 1999). |
| 500 | |aIssued also in French under title: Édition de l'est des avis aux navigateurs. |
| 690 | 07|aAtlantic provinces|2gcpds |
| 690 | 07|aNavigation systems|2gcpds |
| 690 | 07|aMarine safety|2gcpds |
| 710 | 1 |aCanada. |bDepartment of Fisheries and Oceans. |
| 710 | 2 |aCanadian Coast Guard. |
| 775 | 08|tÉdition de l'Est des avis aux navigateurs |w(CaOODSP)9.502881 |
| 776 | 0#|tNotices to mariners publication. Eastern edition / |w(CaOODSP)9.514330 |
| 785 | 00|tNotices to mariners. |w(CaOODSP)9.506408 |